<?xml version="1.0" encoding="UTF-8"?>
<record
    xmlns:xsi="http://www.w3.org/2001/XMLSchema-instance"
    xsi:schemaLocation="http://www.loc.gov/MARC21/slim http://www.loc.gov/standards/marcxml/schema/MARC21slim.xsd"
    xmlns="http://www.loc.gov/MARC21/slim">

  <leader>00894nam a2200277   4500</leader>
  <controlfield tag="001">114380</controlfield>
  <controlfield tag="003">DR-UNIBE</controlfield>
  <controlfield tag="005">20260218113731.0</controlfield>
  <controlfield tag="008">260209b2017    sp ||||| |||| 00| 0 spa d</controlfield>
  <datafield tag="020" ind1=" " ind2=" ">
    <subfield code="a">9789962705208</subfield>
  </datafield>
  <datafield tag="040" ind1=" " ind2=" ">
    <subfield code="a">BIBLIOTECA UNIBE</subfield>
    <subfield code="c">BIBLIOTECA UNIBE</subfield>
    <subfield code="e">rda</subfield>
    <subfield code="b">spa</subfield>
  </datafield>
  <datafield tag="041" ind1=" " ind2=" ">
    <subfield code="a">spa</subfield>
  </datafield>
  <datafield tag="082" ind1=" " ind2=" ">
    <subfield code="a">305.896 Q7a</subfield>
  </datafield>
  <datafield tag="100" ind1=" " ind2=" ">
    <subfield code="a">Qui&#xF1;ones, Seraf&#xED;n </subfield>
    <subfield code="e">autor</subfield>
    <subfield code="d">1942-</subfield>
    <subfield code="9">202182</subfield>
  </datafield>
  <datafield tag="245" ind1="1" ind2="0">
    <subfield code="a">Afrodescendencias /</subfield>
    <subfield code="c">Seraf&#xED;n (Tato) Qui&#xF1;ones</subfield>
  </datafield>
  <datafield tag="260" ind1=" " ind2=" ">
    <subfield code="a">Ciudad de Panam&#xE1; :</subfield>
    <subfield code="b">Ediciones Aurelia, </subfield>
    <subfield code="c"> 2017</subfield>
  </datafield>
  <datafield tag="300" ind1=" " ind2=" ">
    <subfield code="a">169 p&#xE1;ginas</subfield>
  </datafield>
  <datafield tag="490" ind1=" " ind2=" ">
    <subfield code="a">Colecci&#xF3;n iroko</subfield>
  </datafield>
  <datafield tag="650" ind1=" " ind2="7">
    <subfield code="2">lemb</subfield>
    <subfield code="a">Racismo</subfield>
    <subfield code="z">Cuba </subfield>
    <subfield code="9">202519</subfield>
  </datafield>
  <datafield tag="650" ind1=" " ind2="7">
    <subfield code="2">lemb</subfield>
    <subfield code="a">Negros</subfield>
    <subfield code="z">Cuba</subfield>
    <subfield code="x">Condiciones sociales </subfield>
    <subfield code="9">202520</subfield>
  </datafield>
  <datafield tag="651" ind1=" " ind2="7">
    <subfield code="2">lemb</subfield>
    <subfield code="a">Cuba</subfield>
    <subfield code="x">Civilizaci&#xF3;n</subfield>
    <subfield code="9">202518</subfield>
  </datafield>
  <datafield tag="653" ind1="0" ind2="0">
    <subfield code="a"> Cultura afrocubana</subfield>
  </datafield>
  <datafield tag="700" ind1=" " ind2=" ">
    <subfield code="a">Acevedo, Claudia</subfield>
    <subfield code="e">editor</subfield>
    <subfield code="9">202474</subfield>
  </datafield>
  <datafield tag="700" ind1=" " ind2=" ">
    <subfield code="a">&#xC1;valos D&#xED;az, Rolando</subfield>
    <subfield code="e">corrector</subfield>
    <subfield code="9">202475</subfield>
  </datafield>
  <datafield tag="942" ind1=" " ind2=" ">
    <subfield code="2">ddc</subfield>
    <subfield code="c">BK</subfield>
  </datafield>
  <datafield tag="999" ind1=" " ind2=" ">
    <subfield code="c">114380</subfield>
    <subfield code="d">114380</subfield>
  </datafield>
  <datafield tag="952" ind1=" " ind2=" ">
    <subfield code="0">0</subfield>
    <subfield code="1">0</subfield>
    <subfield code="2">ddc</subfield>
    <subfield code="7">0</subfield>
    <subfield code="8">GEN</subfield>
    <subfield code="a">Principal</subfield>
    <subfield code="d">2025-12-01</subfield>
    <subfield code="l">0</subfield>
    <subfield code="o">305.896 Q7a</subfield>
    <subfield code="p">260105</subfield>
    <subfield code="r">2026-02-18 11:51:34</subfield>
    <subfield code="t">Ej. 1</subfield>
    <subfield code="w">2026-02-18</subfield>
    <subfield code="y">BK</subfield>
  </datafield>
</record>
